00331pab a2200121 454500008004000000100002300040245004800063260000900111300001500120362000800135650002300143773004300166180718b2014 xxu||||| |||| 00| 0 eng d aChenoy, Dilip H.M. aSTAR scheme of catalyse of skills ecosystem c2014 ap.363-366. aJan aSkills development aIndian Journal of Industrial Relations